Hamburg Best Scorer By Year - Statistics

General Stats
  • This quiz has been taken 308 times
    13 since last reset
  • The average score is 10 of 37
Answer Stats
Player % Correct
Uwe Seeler
92%
Rafael van der Vaart
85%
Nicolai Müller
69%
Son Heung-min
69%
Horst Hrubesch
62%
Mladen Petrić
62%
Pierre-Michel Lasogga
62%
Sergej Barbarez
62%
Artjoms Rudņevs
54%
Fabio Vieira
54%
Ivica Olić
54%
Kevin Keegan
54%
Lewis Holtby
31%
Bobby Wood
23%
Thomas von Heesen
23%
Tony Yeboah
23%
Bernardo Romeo
15%
Hans-Jörg Butt
15%
Karsten Bäron
15%
Michael Gregoritsch
15%
Willi Reimann
15%
Bruno Labbadia
8%
Franz-Josef Hönig
8%
Georg Volkert
8%
Hasan Salihamidžić
8%
Jan Furtok
8%
Jörg Albertz
8%
Roy Präger
8%
Armin Eck
0%
Dieter Schatzschneider
0%
Ferdinand Keller
0%
Harald Spörl
0%
Heinz Gründel
0%
Horst Bertl
0%
Manfred Pohlschmidt
0%
Peter Nogly
0%
Uwe Bein
0%
No matching quizzes found
Score Distribution
Percent of People with Each Score
Percentile by Number Answered
Your Score History
You have not taken this quiz since the last reset